[Event "4NCL Division 2a"]
[Site "Daventry, ENG"]
[Date "2019.01.13"]
[Round "4.27"]
[White "Mulleady, Peter J"]
[Black "Walsh, Marcus"]
[Result "1-0"]
[WhiteElo "2012"]
[BlackElo "1990"]
[PlyCount "77"]
[EventDate "2019.01.13"]
[WhiteTeam "Manchester Manticores 1"]
[BlackTeam "The ADs"]

1. c4 Nf6 2. Nc3 e5 3. g3 Nc6 4. Bg2 Bc5 5. e3 O-O 6. Nge2 Re8 7. O-O e4 8. a3
a5 9. d4 exd3 10. Nf4 Ne5 11. Nxd3 Nxd3 12. Qxd3 d6 13. b3 Rb8 14. Bb2 Qe7 15.
Na4 Bg4 16. Nxc5 dxc5 17. Qc3 c6 18. f3 Bh5 19. e4 Red8 20. e5 Ne8 21. Rfe1 Bg6
22. Rad1 Nc7 23. Bh3 Ne6 24. Bxe6 fxe6 25. Rd6 Rf8 26. f4 Bf5 27. Qxa5 Qf7 28.
Qxc5 Qh5 29. Qe3 Rbd8 30. Re2 Qg4 31. Red2 Rde8 32. Qe2 Qg6 33. Bd4 Bg4 34. Qd3
Qh5 35. Bc5 Rf5 36. Rd8 h6 37. Rxe8+ Qxe8 38. Qd8 Qxd8 39. Rxd8+ 1-0

[Event "4NCL Division 2a"]
[Site "Daventry, ENG"]
[Date "2019.01.13"]
[Round "4.28"]
[White "Ahluwalia, Balvinder"]
[Black "Kay, Lee P"]
[Result "0-1"]
[WhiteElo "1000"]
[BlackElo "2027"]
[PlyCount "66"]
[EventDate "2019.01.13"]
[WhiteTeam "The ADs"]
[BlackTeam "Manchester Manticores 1"]

1. d4 d5 2. Nf3 Nf6 3. Bf4 e6 4. e3 Bd6 5. c3 O-O 6. Nbd2 Bxf4 7. exf4 c5 8.
Bd3 Nc6 9. h3 Qb6 10. Qb3 Qc7 11. Qc2 cxd4 12. cxd4 Qxf4 13. g3 Qd6 14. O-O Nb4
15. Qb1 Nxd3 16. Qxd3 Bd7 17. g4 Qf4 18. Qe3 Qxe3 19. fxe3 Bb5 20. Rfc1 Rac8
21. Rxc8 Rxc8 22. b3 Rc2 23. Kf2 Ne4+ 24. Ke1 Nxd2 25. Nxd2 h5 26. gxh5 Kh7 27.
Kd1 Bd3 28. Ke1 Kh6 29. a4 Kxh5 30. b4 a6 31. Kd1 Rb2 32. b5 axb5 33. a5 b4 0-1

[Event "4NCL Division 2a"]
[Site "Daventry, ENG"]
[Date "2019.01.13"]
[Round "4.31"]
[White "Villiers, Thomas"]
[Black "Pitcher, John"]
[Result "0-1"]
[WhiteElo "2245"]
[BlackElo "2250"]
[PlyCount "82"]
[EventDate "2019.01.13"]
[WhiteTeam "Barnet Knights 1"]
[BlackTeam "Warwickshire Select 1"]

1. c4 c5 2. Nc3 Nf6 3. g3 d5 4. cxd5 Nxd5 5. Bg2 Nc7 6. Nf3 Nc6 7. O-O e5 8. d3
Be7 9. Be3 O-O 10. Rc1 f6 11. Na4 b6 12. Nd2 Bd7 13. Bxc5 bxc5 14. Nxc5 Bxc5
15. Rxc5 Nd4 16. Bxa8 Nxa8 17. e3 Ne6 18. Qb3 Kh8 19. Rc3 Nb6 20. Rfc1 Qa8 21.
Qd1 Nd5 22. Ra3 Rb8 23. Rb3 Rd8 24. Qe2 Ba4 25. Ra3 Bb5 26. Rb3 a6 27. Qg4 Bd7
28. Qe2 h6 29. h4 Rc8 30. Rxc8+ Qxc8 31. Nc4 Nc5 32. Ra3 Bg4 33. Qe1 Nxd3 34.
Rxd3 Qxc4 35. Qd2 Bf3 36. b3 Qe4 37. a3 Qf5 38. Kh2 Be4 39. Rxd5 Qf3 40. Rd8+
Kh7 41. Kh3 h5 0-1

[Event "4NCL Division 2a"]
[Site "Daventry, ENG"]
[Date "2019.01.13"]
[Round "4.32"]
[White "Shephard, Chris C W"]
[Black "Rocco, Federico"]
[Result "0-1"]
[WhiteElo "2186"]
[BlackElo "2215"]
[PlyCount "58"]
[EventDate "2019.01.13"]
[WhiteTeam "Warwickshire Select 1"]
[BlackTeam "Barnet Knights 1"]

1. c4 c5 2. Nc3 Nc6 3. Nf3 g6 4. g3 Bg7 5. Bg2 e6 6. O-O Nge7 7. e3 O-O 8. d4
cxd4 9. exd4 d5 10. cxd5 Nxd5 11. Nxd5 exd5 12. Be3 Qb6 13. Qd2 Be6 14. Rfd1
Rac8 15. Rac1 Qa6 16. Rc3 Rfe8 17. Ra3 Qb6 18. Rb3 Qa5 19. Rxb7 Qxa2 20. Bh6
Rb8 21. Bxg7 Kxg7 22. Rxb8 Rxb8 23. Qc1 Rb6 24. Rd2 Na5 25. Qe1 Nc4 26. Re2
Rxb2 27. Rxb2 Qxb2 28. Bf1 Kg8 29. Ng5 Qd2 0-1

[Event "4NCL Division 2a"]
[Site "Daventry, ENG"]
[Date "2019.01.13"]
[Round "4.33"]
[White "Ethelontis, Alexandros N"]
[Black "Brooks, Phil J"]
[Result "1/2-1/2"]
[WhiteElo "2177"]
[BlackElo "2184"]
[PlyCount "37"]
[EventDate "2019.01.13"]
[WhiteTeam "Barnet Knights 1"]
[BlackTeam "Warwickshire Select 1"]

1. c4 e6 2. g3 d5 3. Bg2 dxc4 4. Nf3 Nd7 5. Qa4 a6 6. Qxc4 b5 7. Qc2 Bb7 8. O-O
c5 9. a4 Ngf6 10. d3 Be7 11. Nc3 Bc6 12. b3 O-O 13. Bb2 Qb6 14. e4 Rfd8 15.
Rfd1 Qb7 16. axb5 axb5 17. Rxa8 Rxa8 18. Nd2 Qb6 19. Ne2 1/2-1/2

[Event "4NCL Division 2a"]
[Site "Daventry, ENG"]
[Date "2019.01.13"]
[Round "4.34"]
[White "Hanley, James L"]
[Black "Willmoth, Robert F"]
[Result "0-1"]
[WhiteElo "2221"]
[BlackElo "2237"]
[PlyCount "88"]
[EventDate "2019.01.13"]
[WhiteTeam "Warwickshire Select 1"]
[BlackTeam "Barnet Knights 1"]

1. e4 d6 2. d4 Nf6 3. Nc3 g6 4. h3 c6 5. Nf3 Bg7 6. Be3 O-O 7. Qd2 b5 8. a3 Bb7
9. Bd3 Nbd7 10. O-O e5 11. Rad1 a6 12. dxe5 dxe5 13. Be2 Re8 14. Nh2 Qe7 15.
Bg5 Nc5 16. Qe3 Ne6 17. Bh4 Nd4 18. Rd2 c5 19. Bg5 Qf8 20. Bf3 h6 21. Bh4 Kh7
22. Rfd1 Nd7 23. g4 Nb6 24. b3 c4 25. Ne2 Qxa3 26. Nxd4 exd4 27. Rxd4 cxb3 28.
cxb3 Bxd4 29. Qxd4 Re6 30. Bd8 Qxb3 31. Bxb6 Bxe4 32. Bxe4 Rxe4 33. Qxe4 Qxd1+
34. Nf1 Rb8 35. Be3 Rd8 36. Qf4 Kg8 37. Qxh6 Qf3 38. Bf4 Rd1 39. Be5 Rxf1+ 40.
Kxf1 Qd1+ 41. Kg2 Qd5+ 42. Kg3 Qxe5+ 43. f4 Qe3+ 44. Kh4 Qe1+ 0-1

[Event "4NCL Division 2a"]
[Site "Daventry, ENG"]
[Date "2019.01.13"]
[Round "4.35"]
[White "Eden, Tomer"]
[Black "Mason, Donald J"]
[Result "1-0"]
[WhiteElo "2155"]
[BlackElo "2097"]
[PlyCount "71"]
[EventDate "2019.01.13"]
[WhiteTeam "Barnet Knights 1"]
[BlackTeam "Warwickshire Select 1"]

1. d4 Nf6 2. Bf4 g6 3. Nf3 Bg7 4. e3 O-O 5. h3 d6 6. Be2 Nc6 7. O-O Nd7 8. Bh2
e5 9. c3 e4 10. Nfd2 f5 11. c4 g5 12. Nc3 Nf6 13. Rc1 Kh8 14. Qc2 Bh6 15. a3
Rg8 16. Nd5 Bd7 17. Nb1 g4 18. hxg4 Nxg4 19. Bxg4 Rxg4 20. f3 exf3 21. Rxf3 Qh4
22. Rcf1 Rag8 23. Kh1 Qg5 24. Nf4 Ne7 25. Nc3 Bc6 26. Ncd5 Nxd5 27. cxd5 Bb5
28. R1f2 Qe7 29. Ne6 c6 30. Qxf5 cxd5 31. Qxd5 Bc6 32. Qxd6 Qxd6 33. Bxd6 Bxf3
34. Be5+ Bg7 35. Nxg7 R8xg7 36. gxf3 1-0

[Event "4NCL Division 2a"]
[Site "Daventry, ENG"]
[Date "2019.01.13"]
[Round "4.36"]
[White "Page, Mark E"]
[Black "Orgler, Philipp"]
[Result "0-1"]
[WhiteElo "2152"]
[BlackElo "2050"]
[PlyCount "96"]
[EventDate "2019.01.13"]
[WhiteTeam "Warwickshire Select 1"]
[BlackTeam "Barnet Knights 1"]

1. e4 b6 2. d4 Bb7 3. Bd3 Nf6 4. Nd2 e6 5. Ngf3 d5 6. e5 Nfd7 7. O-O c5 8. c3
Ba6 9. Bxa6 Nxa6 10. Qe2 Nc7 11. Rd1 c4 12. Nf1 Be7 13. Ng3 h5 14. h3 b5 15.
Nh2 g6 16. f4 Nb6 17. Nf3 a5 18. Nf1 b4 19. g4 hxg4 20. hxg4 Nb5 21. Qc2 Kd7
22. Kg2 Qc7 23. Ng3 a4 24. cxb4 a3 25. bxa3 Nxa3 26. Bxa3 Rxa3 27. Ng5 Rh4 28.
Qe2 Na4 29. Nxf7 Nc3 30. Qb2 Qa7 31. Rf1 Rxg4 32. Rf3 Rxa2 33. Rxa2 Qxa2 34.
Qxa2 Nxa2 35. Ra3 Nxb4 36. Kf3 Rh4 37. Ra7+ Ke8 38. Nd6+ Bxd6 39. exd6 Nc6 40.
Rc7 Nxd4+ 41. Ke3 Nc2+ 42. Kd2 Rh2+ 43. Kc3 Rh3 44. Kxc2 Rxg3 45. Re7+ Kd8 46.
Rxe6 Kd7 47. Rf6 d4 48. Kd2 Rg2+ 0-1

[Event "4NCL Division 2a"]
[Site "Daventry, ENG"]
[Date "2019.01.13"]
[Round "4.37"]
[White "Sanitt, Leo"]
[Black "Fallowfield, Jeremy R"]
[Result "1/2-1/2"]
[WhiteElo "1960"]
[BlackElo "2130"]
[PlyCount "89"]
[EventDate "2019.01.13"]
[WhiteTeam "Barnet Knights 1"]
[BlackTeam "Warwickshire Select 1"]

1. e4 c5 2. Nf3 Nc6 3. Bb5 d6 4. O-O Bd7 5. Re1 Nf6 6. c3 a6 7. Bf1 Bg4 8. d3
e6 9. Be3 d5 10. Nbd2 Be7 11. Bg5 O-O 12. h3 Bh5 13. g4 Bg6 14. Nh4 Nd7 15.
Nxg6 hxg6 16. Bxe7 Nxe7 17. Bg2 Qc7 18. Qb3 Nf6 19. Nf1 g5 20. Ne3 dxe4 21.
dxe4 Ng6 22. Rad1 Nd7 23. Nc4 Nde5 24. Nxe5 Nxe5 25. Qc2 Rfd8 26. Rxd8+ Rxd8
27. Rd1 f6 28. b3 Kf7 29. Rd2 Ke7 30. Qd1 Rxd2 31. Qxd2 Qd6 32. Qe3 b6 33. Bf1
a5 34. Be2 Ng6 35. Qd3 Qf4 36. Qe3 Qxe3 37. fxe3 Kd6 38. Kf2 Ke5 39. Bd3 Ne7
40. Kf3 Nc8 41. a4 Nd6 42. c4 g6 43. Bc2 f5 44. Bb1 fxe4+ 45. Ke2 1/2-1/2

[Event "4NCL Division 2a"]
[Site "Daventry, ENG"]
[Date "2019.01.13"]
[Round "4.38"]
[White "Phillips, David"]
[Black "Sanitt, Ethan"]
[Result "1-0"]
[WhiteElo "1812"]
[BlackElo "1870"]
[PlyCount "83"]
[EventDate "2019.01.13"]
[WhiteTeam "Warwickshire Select 1"]
[BlackTeam "Barnet Knights 1"]

1. e4 e6 2. d3 d5 3. Nd2 Nf6 4. g3 b6 5. Bg2 Bb7 6. Qe2 dxe4 7. Nxe4 Nxe4 8.
Bxe4 Nc6 9. Nf3 Bd6 10. Bd2 Qe7 11. Bc3 f5 12. Bxc6+ Bxc6 13. Rg1 Rf8 14. Ne5
Bd5 15. f4 O-O-O 16. O-O-O g5 17. Bd2 gxf4 18. Bxf4 Qf6 19. Kb1 Rg8 20. Rge1
Rde8 21. c4 Bb7 22. Qc2 Bxe5 23. Rxe5 Re7 24. Rde1 Bc6 25. Qe2 Rd8 26. h4 h6
27. Rxe6 Rxe6 28. Qxe6+ Qxe6 29. Rxe6 Bf3 30. Re3 Bg2 31. Bxh6 c5 32. Kc2 Rd4
33. Bg7 Rg4 34. Be5 Kd7 35. Bf4 Rg8 36. Re5 Bh3 37. Kc3 Bg4 38. d4 cxd4+ 39.
Kxd4 Rg6 40. b4 Kc6 41. Re7 b5 42. c5 1-0

[Event "4NCL Division 2a"]
[Site "Daventry, ENG"]
[Date "2019.01.13"]
[Round "4.41"]
[White "Bansal, Rohan"]
[Black "Lang, Adam R"]
[Result "1-0"]
[WhiteElo "2027"]
[BlackElo "2163"]
[PlyCount "97"]
[EventDate "2019.01.13"]
[WhiteTeam "KJCA Kings"]
[BlackTeam "Bradford DCA Knights A"]

1. d4 d5 2. c4 e6 3. Nc3 Nf6 4. Bg5 Be7 5. Nf3 O-O 6. e3 h6 7. Bh4 b6 8. cxd5
Nxd5 9. Bxe7 Qxe7 10. Nxd5 exd5 11. Be2 Be6 12. O-O Nd7 13. Rc1 c5 14. Qa4 Rfc8
15. Qa3 Qf8 16. Rfd1 Nf6 17. b3 Ne4 18. dxc5 Rxc5 19. Nd4 Nc3 20. Re1 Nxe2+ 21.
Nxe2 Qe7 22. Nd4 Rxc1 23. Qxc1 Rc8 24. Qb2 Qc5 25. h3 a5 26. a4 Bd7 27. Re2 Qb4
28. Rc2 Rc5 29. Qc1 Kf8 30. Qd2 Qxd2 31. Rxd2 Ke7 32. Kh2 Kd6 33. g4 Ke5 34.
Kg3 g5 35. h4 f6 36. Rd1 Rc3 37. hxg5 hxg5 38. Rh1 Bc8 39. Rh8 Rc1 40. f3 Rg1+
41. Kf2 Rc1 42. Rh7 Kd6 43. Rf7 Ke5 44. Ke2 Rh1 45. Rc7 Ba6+ 46. Kd2 Rh2+ 47.
Kc3 Rh8 48. Re7+ Kd6 49. Re6+ 1-0

[Event "4NCL Division 2a"]
[Site "Daventry, ENG"]
[Date "2019.01.13"]
[Round "4.42"]
[White "Bak, Christopher"]
[Black "Ratnesan, Ranesh"]
[Result "0-1"]
[WhiteElo "2054"]
[BlackElo "2063"]
[PlyCount "128"]
[EventDate "2019.01.13"]
[WhiteTeam "Bradford DCA Knights A"]
[BlackTeam "KJCA Kings"]

1. e4 c5 2. Nf3 d6 3. d4 cxd4 4. Nxd4 Nf6 5. Nc3 a6 6. Be2 e5 7. Nb3 Be7 8. O-O
O-O 9. Be3 Be6 10. Qd2 Nbd7 11. a4 Rc8 12. a5 h6 13. f3 Re8 14. Rfc1 Qc7 15.
Nd5 Bxd5 16. exd5 Nh5 17. Bd3 Nf4 18. Bxf4 exf4 19. Nd4 Bf6 20. c3 Re3 21. Nf5
Re5 22. Qxf4 Rce8 23. Be4 Bg5 24. Qg3 Rxf5 25. Bxf5 Bxc1 26. Rxc1 Nf6 27. Re1
Qc5+ 28. Kf1 Qc4+ 29. Kg1 Qc5+ 30. Kf1 Rxe1+ 31. Qxe1 Qxd5 32. Bc2 Qxa5 33. Qe7
Qb5+ 34. Kf2 Qc5+ 35. Kf1 Qb5+ 36. Kg1 Qe8 37. Qxe8+ Nxe8 38. Kf2 Kf8 39. Ke3
Ke7 40. Kd4 Nc7 41. Be4 b6 42. g3 Ke6 43. Bb7 d5 44. Bc8+ Kd6 45. Bf5 Nb5+ 46.
Ke3 Kc5 47. Bd3 a5 48. Bh7 a4 49. Bg8 Nd6 50. Kd3 Nc4 51. Kc2 a3 52. bxa3 Nxa3+
53. Kd3 Nc4 54. f4 Nd6 55. g4 g5 56. fxg5 hxg5 57. Bh7 Nc4 58. Bf5 Ne5+ 59. Kc2
Kc4 60. Bc8 b5 61. Bf5 b4 62. cxb4 Kxb4 63. Kb2 Kc4 64. Kc2 Kd4 0-1

[Event "4NCL Division 2a"]
[Site "Daventry, ENG"]
[Date "2019.01.13"]
[Round "4.43"]
[White "Golding, James"]
[Black "Drabble, Andrew"]
[Result "1-0"]
[WhiteElo "2043"]
[BlackElo "2080"]
[PlyCount "111"]
[EventDate "2019.01.13"]
[WhiteTeam "KJCA Kings"]
[BlackTeam "Bradford DCA Knights A"]

1. d4 d5 2. c4 e6 3. Nc3 Nf6 4. Bg5 Nbd7 5. cxd5 exd5 6. Nf3 c6 7. e3 Be7 8.
Bd3 O-O 9. Qc2 Re8 10. O-O Nf8 11. Rab1 a5 12. a3 Ng6 13. b4 axb4 14. axb4 Ne4
15. Bxe7 Qxe7 16. b5 Bg4 17. bxc6 bxc6 18. Bxe4 dxe4 19. Nd2 f5 20. h3 Bh5 21.
Qb3+ Kh8 22. Qb7 Qxb7 23. Rxb7 Ne7 24. Nc4 Nd5 25. Nxd5 cxd5 26. Nb6 Rad8 27.
Rc1 f4 28. Rcc7 fxe3 29. fxe3 Re6 30. Nxd5 Rxd5 31. Rc8+ Be8 32. Rbb8 Kg8 33.
Rxe8+ Kf7 34. Rxe6 Kxe6 35. Re8+ Kf5 36. g4+ Kg5 37. Rxe4 Kh4 38. Re5 Rd6 39.
Kg2 g6 40. d5 Rb6 41. Re7 Rb2+ 42. Kf3 h5 43. gxh5 gxh5 44. d6 Rd2 45. Re4+ Kg5
46. Rd4 Rxd4 47. exd4 Kf6 48. d5 Kf7 49. Kg3 Ke8 50. Kh4 Kd7 51. Kxh5 Kxd6 52.
Kg6 Kxd5 53. h4 Ke6 54. h5 Ke7 55. h6 Kf8 56. h7 1-0

[Event "4NCL Division 2a"]
[Site "Daventry, ENG"]
[Date "2019.01.13"]
[Round "4.44"]
[White "Jennings, Roger W"]
[Black "Young, Daniel J"]
[Result "1-0"]
[WhiteElo "2027"]
[BlackElo "1988"]
[PlyCount "59"]
[EventDate "2019.01.13"]
[WhiteTeam "Bradford DCA Knights A"]
[BlackTeam "KJCA Kings"]

1. g3 e5 2. Bg2 d5 3. d3 Nf6 4. Nf3 Nc6 5. O-O Be7 6. Bg5 O-O 7. Nc3 Be6 8. e4
dxe4 9. dxe4 Qc8 10. Nd5 Nxd5 11. exd5 Rd8 12. Bxe7 Nxe7 13. c4 Bg4 14. Qb3 f6
15. Nh4 Kh8 16. f4 exf4 17. Rxf4 c6 18. Re1 Ng8 19. dxc6 bxc6 20. Qc3 Bh5 21.
Nf5 Qd7 22. Nd4 Ne7 23. Ne6 Rg8 24. Rxf6 Nd5 25. cxd5 gxf6 26. Qxf6+ Rg7 27.
dxc6 Qe7 28. Qxg7+ Qxg7 29. Nxg7 Kxg7 30. Re7+ 1-0

[Event "4NCL Division 2a"]
[Site "Daventry, ENG"]
[Date "2019.01.13"]
[Round "4.45"]
[White "Yoon, Jacob D"]
[Black "Nicholson, Jim W R"]
[Result "1-0"]
[WhiteElo "1963"]
[BlackElo "1991"]
[PlyCount "67"]
[EventDate "2019.01.13"]
[WhiteTeam "KJCA Kings"]
[BlackTeam "Bradford DCA Knights A"]

1. e4 c6 2. d4 d5 3. Nc3 dxe4 4. Nxe4 Bf5 5. Ng3 Bg6 6. Nf3 Nd7 7. h4 h6 8. h5
Bh7 9. Bd3 Bxd3 10. Qxd3 e6 11. Bd2 Ngf6 12. O-O-O Be7 13. Kb1 O-O 14. Ne4 Nxe4
15. Qxe4 Nf6 16. Qe2 Qd5 17. Rde1 b5 18. Ne5 c5 19. g4 Nh7 20. dxc5 Rac8 21.
Bf4 Bxc5 22. Rd1 Qb7 23. Nd7 Rfe8 24. g5 hxg5 25. h6 Bd4 26. hxg7 Nf6 27. Nxf6+
Bxf6 28. Qh5 Bxg7 29. Bd6 f6 30. f4 Qe4 31. Rh2 Red8 32. fxg5 fxg5 33. a3 Rc6
34. Rf1 1-0

[Event "4NCL Division 2a"]
[Site "Daventry, ENG"]
[Date "2019.01.13"]
[Round "4.46"]
[White "Bak, Andrew"]
[Black "Royal, Shreyas"]
[Result "0-1"]
[WhiteElo "1999"]
[BlackElo "1892"]
[PlyCount "30"]
[EventDate "2019.01.13"]
[WhiteTeam "Bradford DCA Knights A"]
[BlackTeam "KJCA Kings"]

1. d4 Nf6 2. Nc3 d5 3. Bg5 Nbd7 4. f3 c6 5. e4 dxe4 6. fxe4 e5 7. dxe5 Qa5 8.
Bxf6 gxf6 9. exf6 Ba3 10. bxa3 Qxc3+ 11. Kf2 Nxf6 12. Bd3 Rg8 13. Nf3 Qc5+ 14.
Kf1 Ng4 15. Qe2 Ne3+ 0-1

[Event "4NCL Division 2a"]
[Site "Daventry, ENG"]
[Date "2019.01.13"]
[Round "4.47"]
[White "Anilkumar, Anantha P"]
[Black "Ther, Mate"]
[Result "1-0"]
[WhiteElo "1862"]
[BlackElo "1952"]
[PlyCount "59"]
[EventDate "2019.01.13"]
[WhiteTeam "KJCA Kings"]
[BlackTeam "Bradford DCA Knights A"]

1. d4 f5 2. g3 Nf6 3. Bg2 g6 4. c4 Bg7 5. Nc3 d6 6. Nh3 c6 7. Nf4 O-O 8. d5 Bd7
9. O-O Na6 10. Rb1 Nc7 11. b3 Nh5 12. Nxh5 Bxc3 13. Nf4 c5 14. Bb2 Bxb2 15.
Rxb2 Rf6 16. e4 Qf8 17. Re1 fxe4 18. Rxe4 Bf5 19. Re3 Rb8 20. Qe1 g5 21. Nh3
Rh6 22. Rxe7 Na6 23. Nxg5 Nb4 24. Rf7 Qxf7 25. Nxf7 Kxf7 26. Qe3 Rf6 27. Re2
Nc2 28. Qe7+ Kg6 29. g4 Bxg4 30. Rxc2 1-0

[Event "4NCL Division 2a"]
[Site "Daventry, ENG"]
[Date "2019.01.13"]
[Round "4.48"]
[White "Patrick, David A"]
[Black "Metcalfe, Charlie P"]
[Result "1-0"]
[WhiteElo "1859"]
[BlackElo "1743"]
[PlyCount "55"]
[EventDate "2019.01.13"]
[WhiteTeam "Bradford DCA Knights A"]
[BlackTeam "KJCA Kings"]

1. e4 e6 2. d4 d5 3. exd5 exd5 4. Bd3 c5 5. dxc5 Bxc5 6. Nf3 Nf6 7. Qe2+ Be7 8.
O-O O-O 9. Bg5 Nc6 10. c3 h6 11. Bh4 Re8 12. Qc2 Ne4 13. Bxe7 Qxe7 14. Nbd2 Bf5
15. Rae1 Rac8 16. Qb1 g5 17. Nb3 Qc7 18. Nfd4 Nxd4 19. cxd4 Qf4 20. Qd1 h5 21.
g3 Qd6 22. Bxe4 Bxe4 23. Qxh5 Qf6 24. Re3 Kg7 25. Nc5 Bg6 26. Qe2 Rh8 27. Re7
Qxd4 28. Ne6+ 1-0

[Event "4NCL Division 2a"]
[Site "Telford, ENG"]
[Date "2019.02.09"]
[Round "5.11"]
[White "Hanley, Craig A"]
[Black "Harakis, Alexis M"]
[Result "0-1"]
[WhiteElo "2452"]
[BlackElo "2280"]
[PlyCount "90"]
[EventDate "2019.02.09"]
[WhiteTeam "Spirit of Atticus A"]
[BlackTeam "KJCA Kings"]

1. e4 e6 2. d4 d5 3. Nc3 Nf6 4. Bg5 dxe4 5. Nxe4 Nbd7 6. Nf3 h6 7. Bxf6 Nxf6 8.
Bd3 Nxe4 9. Bxe4 c5 10. O-O cxd4 11. Nxd4 Bc5 12. Nb3 Be7 13. c4 Qc7 14. Qc2
Bd7 15. c5 Rc8 16. Rfc1 O-O 17. Qc4 Qb8 18. g3 Rc7 19. Rc3 Rfc8 20. Rd1 Bc6 21.
Bb1 Bd5 22. Rxd5 exd5 23. Qxd5 Bf6 24. Rf3 Rc6 25. Be4 Rd8 26. Qf5 Re6 27. Qh7+
Kf8 28. Na5 Qe5 29. Re3 Qxb2 30. Nxb7 Rd1+ 31. Kg2 Rd2 32. Nd6 Rxf2+ 33. Kg1
Rg2+ 34. Bxg2 Qc1+ 35. Bf1 Qxe3+ 36. Kg2 Qd2+ 37. Kh3 Rxd6 38. cxd6 g6 39. Bb5
a6 40. Ba4 Qc1 41. Kg2 Bd4 42. Bb3 Qg1+ 43. Kf3 Qe3+ 44. Kg4 Qe2+ 45. Kh3 Qf1+
0-1

[Event "4NCL Division 2a"]
[Site "Telford, ENG"]
[Date "2019.02.09"]
[Round "5.12"]
[White "Hand, Freddie"]
[Black "Mitchell, Martin"]
[Result "0-1"]
[WhiteElo "2154"]
[BlackElo "2206"]
[PlyCount "82"]
[EventDate "2019.02.09"]
[WhiteTeam "KJCA Kings"]
[BlackTeam "Spirit of Atticus A"]

1. d4 Nf6 2. c4 e6 3. Nc3 Bb4 4. e3 O-O 5. Nge2 d5 6. a3 Be7 7. cxd5 exd5 8.
Nf4 c6 9. Bd3 a5 10. O-O Na6 11. f3 Nc7 12. Bc2 Ne6 13. e4 dxe4 14. Nxe6 Bxe6
15. fxe4 Qb6 16. Qd3 Rfd8 17. e5 Rxd4 18. Be3 Rxd3 19. Bxb6 Rxc3 20. bxc3 Nd5
21. Bf2 Nxc3 22. Kh1 Bc4 23. Rfc1 b5 24. Bf5 Ne2 25. Rd1 Bd5 26. Bg4 Nc3 27.
Re1 Ne4 28. Bd4 c5 29. Bg1 Nc3 30. Bf3 Bxf3 31. gxf3 b4 32. axb4 cxb4 33. Rec1
a4 34. Bd4 Ne2 35. Rc4 Nxd4 36. Rxd4 a3 37. Rd3 g5 38. Rb3 Rc8 39. Ra2 Rc1+ 40.
Kg2 Re1 41. Kg3 Rg1+ 0-1

[Event "4NCL Division 2a"]
[Site "Telford, ENG"]
[Date "2019.02.09"]
[Round "5.13"]
[White "House, Glenn L"]
[Black "Ratnesan, Ranesh"]
[Result "1-0"]
[WhiteElo "2211"]
[BlackElo "2115"]
[PlyCount "85"]
[EventDate "2019.02.09"]
[WhiteTeam "Spirit of Atticus A"]
[BlackTeam "KJCA Kings"]

1. Nf3 d5 2. g3 Bg4 3. Bg2 Nd7 4. O-O c6 5. d3 e6 6. b3 Bd6 7. Bb2 Ngf6 8. Nbd2
O-O 9. h3 Bh5 10. e4 e5 11. Qe1 Re8 12. Nh4 dxe4 13. dxe4 b5 14. Nf5 Bc5 15. g4
Bg6 16. Qe2 Qc7 17. a4 a6 18. Rfd1 Rad8 19. Nf3 Bxf5 20. gxf5 g6 21. axb5 axb5
22. Nh2 Nf8 23. Ng4 Nxg4 24. hxg4 f6 25. Rxd8 Rxd8 26. c3 Rd6 27. Rd1 g5 28. b4
Ba7 29. Bc1 Kg7 30. Bf1 Nd7 31. Rxd6 Qxd6 32. Qa2 Bb6 33. Be2 c5 34. Qe6 Bc7
35. Qxd6 Bxd6 36. Bxb5 Nb8 37. Ba3 cxb4 38. Bxb4 Bc7 39. Kf1 Kf7 40. Ke2 Kg7
41. Kd3 Bb6 42. Bd6 Ba7 43. f3 1-0

[Event "4NCL Division 2a"]
[Site "Telford, ENG"]
[Date "2019.02.09"]
[Round "5.14"]
[White "Yoon, Jacob D"]
[Black "Carleton, John J"]
[Result "0-1"]
[WhiteElo "1975"]
[BlackElo "2268"]
[PlyCount "56"]
[EventDate "2019.02.09"]
[WhiteTeam "KJCA Kings"]
[BlackTeam "Spirit of Atticus A"]

1. e4 c6 2. Nc3 d5 3. Nf3 dxe4 4. Nxe4 Nf6 5. Nxf6+ gxf6 6. d4 Bf5 7. Bd3 e6 8.
O-O Bg6 9. Re1 Qc7 10. c4 Nd7 11. a3 O-O-O 12. b4 e5 13. Bb2 exd4 14. Bxg6 hxg6
15. Bxd4 c5 16. bxc5 Nxc5 17. Qc2 Rxd4 18. Nxd4 Qxh2+ 19. Kf1 Qh1+ 20. Ke2 Qxg2
21. Rg1 Qh3 22. Rg3 Qh5+ 23. Kd2 Qe5 24. Rd3 Nxd3 25. Qxd3 Bc5 26. Kc3 Rd8 27.
Rd1 Rxd4 28. Qxd4 Bxd4+ 0-1

[Event "4NCL Division 2a"]
[Site "Telford, ENG"]
[Date "2019.02.09"]
[Round "5.15"]
[White "Ivell, Nicholas W"]
[Black "Young, Daniel J"]
[Result "1/2-1/2"]
[WhiteElo "2219"]
[BlackElo "1972"]
[Annotator "Alan"]
[PlyCount "71"]
[EventDate "2019.02.09"]
[WhiteTeam "Spirit of Atticus A"]
[BlackTeam "KJCA Kings"]

1. e4 c5 2. Nf3 d6 3. c3 Nf6 4. Bd3 Nc6 5. Bc2 Bg4 6. h3 Bh5 7. d3 e6 8. Nbd2
d5 9. Qe2 Be7 10. Nf1 h6 11. Ng3 Bg6 12. O-O O-O 13. Rd1 Qc7 14. a3 Rfe8 15. b4
b6 16. Ba4 Bh7 17. e5 Nd7 18. Nh5 Rec8 19. Nxg7 Kxg7 20. Bxc6 Qxc6 21. Qe3 Rg8
22. d4 Kh8 23. Qxh6 Rg6 24. Qf4 Rf8 25. bxc5 bxc5 26. Be3 f5 27. exf6 Nxf6 28.
dxc5 Bxc5 29. Bxc5 Qxc5 {scoresheets} 30. g3 Rfg8 31. Kg2 Rb8 32. Rab1 Rgg8 33.
Qh6 Rxb1 34. Rxb1 Qc8 35. Nd4 Rg6 36. Qh4 1/2-1/2

[Event "4NCL Division 2a"]
[Site "Telford, ENG"]
[Date "2019.02.09"]
[Round "5.16"]
[White "Royal, Shreyas"]
[Black "Jackson, Sheila"]
[Result "1/2-1/2"]
[WhiteElo "1929"]
[BlackElo "2058"]
[PlyCount "48"]
[EventDate "2019.02.09"]
[WhiteTeam "KJCA Kings"]
[BlackTeam "Spirit of Atticus A"]

1. d4 Nf6 2. c4 e6 3. Nc3 Bb4 4. e3 O-O 5. Nge2 d5 6. a3 Be7 7. cxd5 exd5 8. g3
c6 9. Bg2 Nbd7 10. O-O a5 11. b3 Re8 12. Bb2 Bd6 13. Qc2 Nf8 14. Nc1 Qe7 15.
Na4 Bg4 16. Nd3 Bf5 17. Qe2 N8d7 18. Rfc1 h5 19. Nac5 Nxc5 20. dxc5 Bxd3 21.
Qxd3 Be5 22. Rab1 g6 23. Bxe5 Qxe5 24. b4 axb4 1/2-1/2

[Event "4NCL Division 2a"]
[Site "Telford, ENG"]
[Date "2019.02.09"]
[Round "5.17"]
[White "Ackley, Peter J E"]
[Black "Anilkumar, Anantha P"]
[Result "1/2-1/2"]
[WhiteElo "2017"]
[BlackElo "1892"]
[PlyCount "35"]
[EventDate "2019.02.09"]
[WhiteTeam "Spirit of Atticus A"]
[BlackTeam "KJCA Kings"]

1. d3 c5 2. g3 Nc6 3. Bg2 g6 4. f4 Bg7 5. Nf3 e6 6. O-O Nge7 7. c3 O-O 8. a4 d5
9. Qc2 d4 10. Na3 Nd5 11. Bd2 e5 12. fxe5 Nxe5 13. Nxe5 Bxe5 14. Nc4 Bg7 15. e4
dxc3 16. Bxc3 Nxc3 17. bxc3 Be6 18. Ne3 1/2-1/2

[Event "4NCL Division 2a"]
[Site "Telford, ENG"]
[Date "2019.02.09"]
[Round "5.18"]
[White "Ng, Chung Lok Andrew"]
[Black "Phillips, David A"]
[Result "0-1"]
[WhiteElo "1938"]
[BlackElo "2031"]
[PlyCount "54"]
[EventDate "2019.02.09"]
[WhiteTeam "KJCA Kings"]
[BlackTeam "Spirit of Atticus A"]

1. d4 Nf6 2. c4 c5 3. d5 b5 4. cxb5 a6 5. bxa6 Bxa6 6. Nc3 d6 7. e4 Bxf1 8.
Kxf1 g6 9. Nf3 Bg7 10. g3 O-O 11. Kg2 Nbd7 12. a4 Qb6 13. Ra3 Rfb8 14. b3 Qb4
15. Qc2 Ng4 16. Na2 Qb6 17. Nd2 Bd4 18. Nc4 Qa6 19. Bb2 Bxf2 20. Qe2 Nb6 21.
Rc1 Nxc4 22. bxc4 Rxb2 23. Qxb2 Bd4 24. Qb3 Ne3+ 25. Kh1 Qc8 26. Qd3 Qg4 27.
Qd2 Qxe4+ 0-1

[Event "4NCL Division 2a"]
[Site "Telford, ENG"]
[Date "2019.02.09"]
[Round "5.21"]
[White "Pitcher, John"]
[Black "Baker, Chris W"]
[Result "1/2-1/2"]
[WhiteElo "2269"]
[BlackElo "2287"]
[PlyCount "87"]
[EventDate "2019.02.09"]
[WhiteTeam "Warwickshire Select 1"]
[BlackTeam "The ADs"]

1. e4 e5 2. Bc4 Nf6 3. d3 Nc6 4. Nc3 Na5 5. Qf3 Nxc4 6. dxc4 d6 7. Nge2 Be6 8.
b3 c6 9. O-O Be7 10. a4 O-O 11. Ba3 Qc7 12. Rad1 Ne8 13. Ng3 g6 14. Qe3 Qb6 15.
Qh6 Qd8 16. Bc1 f6 17. Rd3 Rf7 18. f4 exf4 19. Qxf4 Qa5 20. Qf2 Ng7 21. Bd2 Qc7
22. Bf4 g5 23. Bd2 a6 24. Nf5 Bxf5 25. exf5 Bf8 26. Qd4 Re8 27. Ne4 Re5 28. Ng3
d5 29. cxd5 Rxd5 30. Qe4 Re7 31. Qf3 Qb6+ 32. Kh1 Ree5 33. Bc3 Rxd3 34. Qxd3
Rd5 35. Qc4 Be7 36. Ne4 Qd8 37. Nxg5 b5 38. Qe2 Rxf5 39. Rxf5 Nxf5 40. Ne6 Qd5
41. Nf4 Qd7 42. Qg4+ Kf7 43. Qh5+ Kg8 44. Qg4+ 1/2-1/2